000 00475nam a2200157Ia 4500
008 210716s1993 xx 000 0 und d
020 _a0300056842
041 _aeng
082 _a150.1952 SHEL
100 _aShengold, Leonard.
245 _aBoy will come to nothing!: freuds ego ideal and freud as egoideal.
_bFreuds ego ideal and freud as egoideal.
250 _a1
260 _aLondon
_bYale university Press
_c1993
300 _axvi,184
650 _aGeneral Management
999 _c206486
_d206486